Cities of Orange County on a Map - Statistics

General Stats
  • This quiz has been taken 3,500 times
  • The average score is 18 of 34
Answers on the Map
Answers color-coded by a green-red scale on the quiz's map according to % correct below.
 
Answer Stats
City % Correct
Anaheim
93%
Irvine
85%
Santa Ana
81%
Huntington Beach
80%
Orange
80%
Newport Beach
72%
Laguna Beach
64%
Fullerton
61%
San Clemente
59%
Costa Mesa
58%
Garden Grove
58%
Mission Viejo
57%
Yorba Linda
57%
Tustin
55%
Dana Point
53%
Laguna Niguel
52%
Seal Beach
52%
Westminster
50%
San Juan Capistrano
49%
Buena Park
47%
Laguna Hills
47%
Brea
46%
Lake Forest
46%
Aliso Viejo
45%
La Habra
44%
Fountain Valley
41%
Placentia
40%
Cypress
39%
Rancho Santa Margarita
39%
Laguna Woods
38%
Stanton
35%
Villa Park
33%
Los Alamitos
32%
La Palma
28%
No matching quizzes found
Score Distribution
Percent of People with Each Score
Percentile by Number Answered
Your Score History
You have not taken this quiz